000 00679nam a2200241Ia 4500
003 OSt
005 20220926012136.0
006 a|||||r|||| 00| 0
007 ta
008 220923b |||||||| |||| 00| 0 eng d
037 _cGeneral Book
040 _aRTL
_cRTL
_beng
041 _2eng
_aeng
082 _aX5125, M8
100 _aHodges Richard
_9110961
245 0 _aPrimitive and peasant markets
260 _aNew York
_bBasil Blackwell
_c1988
300 _axiv,175
_ccm.
500 _aNew Perspectives on the past; Bibliography P 156-64
650 _aRetail
_9233455
942 _hX5125, M8
_cGB
_2CC
999 _c621847
_d621847